000
00280nam a22001337a 4500
008
180922b xxu||||| |||| 00| 0 eng d
020
_a
9780130845160
041
_a
eng
080
_a
541
100
_a
12
101
_a
KIM
245
_a
Chemistry
_c
Nelson, J.H
942
_2
udc
_c
BK
999
_c
48278
_d
48278